Botones botones / (Registro nro. 12176)

Detalles MARC
000 -LIDER
fixed length control field 00862cam a2200313 i 4500
001 - NÚMERO DE CONTROL
Identificador de número de control 0000840
003 - IDENTIFICACDOR DE NÚMERO DE CONTROL
control field DO-SdBNP
005 - DATE AND TIME OF LATEST TRANSACTION
control field 20180216103908.0
007 - CAMPOS FIJOS DE DESCRIPCIÓN FÍSICA
fixed length control field 0000840
008 - ELEMENTOS DE LONGITUD FIJA
fixed length control field 100514s 1995 xxu a | |||| 000 f spa
015 ## - NÚMERO DENTRO DE LA BIBLIOGRAFÍA NACIONAL
National bibliography number
017 ## - NÚMERO DE REGISTRO DE DERECHOS DE AUTOR
Copyright or legal deposit number
Assigning agency
020 ## - ISBN
International Standard Book Number 1574710346
035 ## - NÚMERO LOCAL
System control number
040 ## - FUENTE DE CATALOGACIÓN
Agencia que crea de manera original el registro BPMSU
Idioma de catalogación spa
Agencia que realiza la transcripción BPMSU
Convenciones de la despripción
080 ## - NÚMERO DE CLASIFICACIÓN DECIMAL UNIVERSAL
Universal Decimal Classification number
100 1# - ASIENTO PRINCIPAL -- NOMBRE PERSONAL
Nombre personal Lanczak Williams, Rozanne
245 00 - MENCIÓN DE TITULO
Título Botones botones /
Medio (Designación general de material)
Mención de responsabilidad Rozanne Lanczak Williams ; fotografías Keith Bergher
260 ## - PUBLICACIÓN, DISTRIBUCIÓN, ETC. (PIE DE IMPRENTA)
Lugar de publicación, distribución, etc Estados Unidos :
Nombre del editor, distribuidor, etc. Creative teaching press,
Fecha de publicación, distribución, etc 1995.
300 ## - DESCRIPCIÓN FÍSICA
Extensión [8] p.:
Otros detalles físicos il.
Dimensiones 16 cm.
490 1# - MENCIÓN DE SERIES
Mención de serie Déjame leer
490 1# - MENCIÓN DE SERIES
Mención de serie Learn to read, read to learn
700 1# - ASIENTO SECUNDARIO -- NOMBRE PERSONAL
Nombre personal Bergher, Keith
Mención de responsabilidad fot.
830 #0 - ASIENTO SECUNDARIO DE SERIE--TÍTULO UNIFORME
Título uniforme Déjame leer
830 #0 - ASIENTO SECUNDARIO DE SERIE--TÍTULO UNIFORME
Título uniforme Learn to read, read to learn
942 ## - ADDED ENTRY ELEMENTS (KOHA)
Source of classification or shelving scheme Dewey Decimal Classification
Koha item type Libros
945 ## - INFORMACIÓN DE PROCESAMIENTO LOCAL
Información de procesamiento local inventariado, 2018 / dg
956 ## - LOCAL ELECTRONIC LOCATION AND ACCESS (OCLC)
Nombre de host YLOCKWARD
Campo enlazado y núm. de secuencia 10
Información de compresión BPMSU
Existencias
Withdrawn status Lost status Source of classification or shelving scheme Damaged status Not for loan Collection code Home library Current library Date acquired Source of acquisition Total Checkouts Barcode Date last seen Price effective from Koha item type
    Dewey Decimal Classification     Colección Infantil General Biblioteca Pública Metropolitana Salomé Ureña Biblioteca Pública Metropolitana Salomé Ureña 11/30/2016 Donado por la Agencia de Cooperación Internacional del Japón   BPMSU16111672 11/30/2016 11/30/2016 Libros